Dictionary for library and information science

Αποθηκεύτηκε σε:
Λεπτομέρειες βιβλιογραφικής εγγραφής
Κύριος συγγραφέας: Reitz, Joan M.
Μορφή: Βιβλίο
Γλώσσα:English
Δημοσίευση: Westport, Conn. : Libraries Unlimited, c2004.
Θέματα:
Ετικέτες: Προσθήκη ετικέτας
Δεν υπάρχουν, Καταχωρήστε ετικέτα πρώτοι!

MARC

LEADER 00000cam a2200000 i 4500
001 1/564
008 090714s2004 ctu| ||| |||| ||eng||
020 |a 1591580757 
035 |l 10105285 
040 |a GR-MyUa  |b gre  |e AACR2 
041 0 |a eng 
082 7 |a 020.3   |2 (22) 
100 1 |a Reitz, Joan M. 
245 1 0 |a Dictionary for library and information science /   |c Joan M. Reitz. 
260 |a Westport, Conn. :   |b Libraries Unlimited,   |c c2004. 
300 |a x, 788 σ. ;   |c 23 εκ. 
504 |a Βιβλιογραφία: σ. [785]-788. 
650 0 0 |a Library science  |x Dictionaries. 
650 0 0 |a Information science  |x Dictionaries. 
852 |a INST  |b LEMNOS  |e 20090714  |h 020.3 REI  |p 005600000159  |q 005600000159  |t REF  |y 23 
901 |a BIBL6-2009-2 
922 |a 6ΕΛΗ  |b 200801  |c ΕΠΕΑΕΚ2/ΚΥΒ  |d ΕΛΕΥΘΕΡΟΥΔΑΚΗΣ 
970 |a ΠΑΝΤΑΖΗ  |b ΑΝΤΩΝΙΑ  |z 2009/07/14